000 00800nam a2200229 i 4500
001 68650
003 ES-MaACL
005 20230906170328.0
007 t|
008 960826s1856 fr ||||1| fre d
040 _aCAM
_bspa
_cCAM
080 _a821.133.2-13"11"
130 0 _aGirart de Roussillon.
_9160539
245 1 0 _aGérard de Rossillon
_b: chanson de geste ancienne /
_cpubliée en provencal et en francais d'aprés les manuscrits de Paris et de Londres par Francisque-Michel.
260 _aParis :
_bP. Jannet,
_c1856 (
_fImpr. Guiraudet et Jouaust)
300 _aXIX, 403 p. ;
_c17 cm.
490 1 _aBibliothèque elzévirienne
700 1 _aMichel, Françisque Xavier.
_980893
830 0 _aBibliothèque elzévirienne
_9180979
852 _aES-MaACL
_jG-2373
999 _c68650
_d68650